History Quiz

Random History or State Quiz

Map of the USA in 1860 Quiz Stats

 Plays Quiz Updated Feb 10, 2017

Support Sporcle.
Go Orange.
Score 0/40 Timer 04:00
9 Plays Today
% Correct
Texas
89.2%
California
88.8%
Florida
88.8%
New Mexico Territory
87%
New York
86.9%
Maine
86.7%
South Carolina
86.3%
North Carolina
86.3%
Washington Territory
85.8%
Tennessee
85.2%
Oregon
84.9%
Pennsylvania
84.3%
Georgia
84%
Louisiana
83.1%
Virginia
83.1%
Kentucky
82.3%
Utah Territory
81.9%
Ohio
81.8%
Michigan
81.8%
Rhode Island
81.8%
% Correct
New Jersey
81.4%
Illinois
81.2%
Alabama
80.3%
Kansas Territory
79.9%
Maryland
79.7%
Vermont
79.6%
Mississippi
79.5%
Minnesota
79.3%
Indiana
79.1%
Wisconsin
79%
New Hampshire
78.9%
Massachusetts
78.5%
Iowa
78.4%
Arkansas
78.2%
Connecticut
77.9%
Missouri
76.9%
Delaware
74.4%
Nebraska Territory
70.6%
Unorganized Territory
64.5%
Indian Territory
62.6%

From the Vault

Five Decade TV Show Medley II

by ghcgh

It'll be like consuming the maximum amount of media in the shortest amount of time.
Remove Ads.
Support Sporcle.
Get the best of Sporcle when you Go Orange. This ad-free experience offers more features, more stats, and more fun while also helping to support Sporcle. Thank you for becoming a member.

Show Comments

Extras

Top Quizzes Today


Score Distribution

Your Account Isn't Verified!

In order to create a playlist on Sporcle, you need to verify the email address you used during registration. Go to your Sporcle Settings to finish the process.

Report this User

Report this user for behavior that violates our Community Guidelines.

Details: